| 000 | 00470nam a2200193Ia 4500 | ||
|---|---|---|---|
| 005 | 20240823051651.0 | ||
| 008 | 240823s9999||||xx |||||||||||||| ||und|| | ||
| 020 | _a978-93-5083-447-3 | ||
| 041 | _aENGLISH | ||
| 082 | _A371.903 Q3 | ||
| 100 | _aGulshan Naqvee | ||
| 245 | 0 | _aCommon Law Admission Test CLAT-2013 | |
| 250 | _a1st | ||
| 260 |
_c2013 _bDiamond Power Lea |
||
| 500 | _aYES | ||
| 650 |
_aCLAT _bGeneral |
||
| 700 | _a Rajeneesh Roshan | ||
| 942 | _cBK | ||
| 999 |
_c220103 _d220103 |
||